[Event "TV '60"]
[Site "Great Britain TV '60"]
[Date "1979.??.??"]
[Round "?"]
[White "Hort, Vlastimil"]
[Black "Larsen, Bent"]
[Result "1/2-1/2"]
[WhiteElo "2600"]
[BlackElo "2620"]
[PlyCount "48"]
[EventDate "1979.??.??"]
[Source "www.chesslib.no"]
[SourceDate "2004.05.04"]

1. e4 e5 2. Nf3 Nc6 3. Bb5 Nge7 4. d4 exd4 5. Nxd4 Nxd4 6. Qxd4 Nc6 7. Qe3 Bb4+ 8. Nc3 O-O 9. O-O d6 10. Nd5 Bc5 11. Qg3 Kh8 12. Bd2 Nd4 13. Bd3 c6 14. Nf4 Ne6 15. Bc3 Qg5 16. Qxg5 Nxg5 17. Rae1 Ne6 18. Bd2 Nxf4 19. Bxf4 Be6 20. e5 dxe5 21. Bxe5 Rad8 22. a3 Rfe8 23. h3 Kg8 24. Re2 Bd5 1/2-1/2

[Event "Leeuwarden"]
[Site "?"]
[Date "1993.??.??"]
[Round "?"]
[White "Psakhis, L."]
[Black "Sokolov, I."]
[Result "1-0"]
[WhiteElo "2585"]
[BlackElo "2610"]
[PlyCount "55"]
[EventDate "1993.??.??"]
[Source "ChessBase"]
[SourceDate "1993.06.01"]

1. e4 e5 2. Nf3 Nc6 3. Bb5 Nge7 4. Nc3 Ng6 5. d4 exd4 6. Nxd4 Bc5 7. Nb3 Bb6 8. O-O O-O 9. Nd5 d6 10. a4 Be6 11. Be2 Re8 12. c3 a6 13. Nxb6 cxb6 14. Nd4 Bd7 15. Nf5 Bxf5 16. exf5 Nh4 17. Bd3 Ne5 18. Be4 Qc8 19. Qd5 Nxf5 20. Qxb7 Qe6 21. Qxb6 Rab8 22. Qxa6 Nh4 23. Bg5 Nhf3+ 24. gxf3 f5 25. Bb7 Rxb7 26. Qxb7 d5 27. Rad1 Nxf3+ 28. Kh1 1-0

[Event "TCh-CRO"]
[Site "Rabac"]
[Date "2004.09.05"]
[Round "1"]
[White "Movsesian, Sergei"]
[Black "Stevic, Hrvoje"]
[Result "1/2-1/2"]
[WhiteElo "2646"]
[BlackElo "2541"]
[PlyCount "63"]
[EventDate "2004.06.21"]
[Source "Roberto Alvarez"]
[SourceDate "2004.09.21"]

1. e4 e5 2. Nf3 Nc6 3. Bb5 Nge7 4. O-O g6 5. c3 a6 6. Ba4 Bg7 7. d4 b5 8. Bb3 exd4 9. cxd4 d6 10. h3 O-O 11. Nc3 h6 12. Be3 Na5 13. d5 c5 14. dxc6 Nxb3 15. axb3 Nxc6 16. Nd5 Be6 17. Qd2 Kh7 18. Rfc1 Bxd5 19. exd5 Ne7 20. Bd4 Nf5 21. Bxg7 Kxg7 22. b4 Qf6 23. Rc6 Rfe8 24. Raxa6 Rxa6 25. Rxa6 Re4 26. Ra3 Nd4 27. Kf1 Nxf3 28. Rxf3 Qd4 29. Qc3 Kg8 30. Qc8+ Kg7 31. Qc3 Kg8 32. Qc8+ 1/2-1/2

[Event "Moscow-4teams"]
[Site "Moscow"]
[Date "1981.??.??"]
[Round "?"]
[White "Romanishin, Oleg M"]
[Black "Smyslov, Vassily"]
[Result "1/2-1/2"]
[WhiteElo "2595"]
[BlackElo "2545"]
[PlyCount "80"]
[EventDate "1981.06.??"]
[Source "ChessBase"]

1. e4 e5 2. Nf3 Nc6 3. Bb5 Nge7 4. O-O g6 5. d4 exd4 6. Bg5 Bg7 7. c3 h6 8. Bd2 d5 9. Nxd4 dxe4 10. Qa4 O-O 11. Nxc6 bxc6 12. Be2 f5 13. Rd1 Qe8 14. Be3 Nd5 15. Bd4 Nb6 16. Qa5 f4 17. Bxg7 Kxg7 18. Nd2 Rf5 19. Qb4 c5 20. Qa3 Bb7 21. c4 Qe5 22. f3 e3 23. Nb1 Rf6 24. Nc3 Bc6 25. Nd5 Bxd5 26. cxd5 Nxd5 27. Qxc5 c6 28. Rd4 Qd6 29. Rc1 Qxc5 30. Rxc5 Rb8 31. b3 h5 32. h4 Re8 33. Kf1 Kh6 34. Ke1 Rb8 35. Ra4 Rb7 36. Rac4 Rb6 37. Ra5 Rf7 38. Rac5 Ne7 39. Ra4 Nd5 40. Bc4 Rd7 1/2-1/2

[Event "Linares Anibal op 3rd"]
[Site "Linares"]
[Date "1996.??.??"]
[Round "?"]
[White "Stefansson, Hannes"]
[Black "Korneev, Oleg"]
[Result "1/2-1/2"]
[WhiteElo "2540"]
[BlackElo "2590"]
[PlyCount "41"]
[EventDate "1996.01.??"]
[Source "ChessBase"]

1. e4 e5 2. Nf3 Nc6 3. Bb5 Nge7 4. O-O g6 5. c3 a6 6. Ba4 Bg7 7. d4 exd4 8. cxd4 b5 9. Bb3 O-O 10. Nc3 d6 11. h3 Na5 12. Bc2 b4 13. Ne2 Bb7 14. Ng3 c5 15. a3 cxd4 16. Nxd4 Nec6 17. Nxc6 Nxc6 18. Bb3 bxa3 19. Rxa3 Nd4 20. Bc4 d5 21. exd5 1/2-1/2

[Event "RUS Team Ch"]
[Site "Podolsk RUS"]
[Date "1992.??.??"]
[Round "?"]
[White "Aseev, Konstantin N"]
[Black "Sorokin, Maxim"]
[Result "0-1"]
[WhiteElo "2560"]
[BlackElo "2570"]
[PlyCount "88"]
[EventDate "1992.??.??"]
[Source "www.chesslib.no"]
[SourceDate "2004.05.04"]

1. e4 e5 2. Nf3 Nc6 3. Bb5 Nge7 4. O-O g6 5. c3 Bg7 6. d4 exd4 7. cxd4 d5 8. exd5 Nxd5 9. Re1+ Be6 10. Bg5 Qb8 11. Nc3 O-O 12. Qd2 Nxc3 13. bxc3 Bd5 14. Qf4 a6 15. Bxc6 bxc6 16. Rab1 Qc8 17. Re7 Re8 18. Rxc7 Rb8 19. Re1 Rxe1+ 20. Nxe1 Qe8 21. Re7 Qf8 22. h3 Bxa2 23. Nd3 Re8 24. Rxe8 Qxe8 25. Bf6 Bf8 26. Qc7 Qe4 27. Qd8 Bd5 28. f3 Qxd3 29. Be5 Qe3+ 30. Kh2 Qh6 31. Qf6 Qg7 32. Qd8 f6 33. Bxf6 Qf7 34. Be5 Qe6 35. Qa8 c5 36. Qd8 cxd4 37. cxd4 h6 38. Kg1 Kf7 39. Qb8 Be7 40. Qh8 h5 41. Qh7+ Ke8 42. Qh8+ Kd7 43. Qa8 Qc6 44. Qb8 Qb7 0-1

[Event "Moskva (GMA)"]
[Site "?"]
[Date "1989.??.??"]
[Round "?"]
[White "Gelfand, B."]
[Black "Dreev, A."]
[Result "1/2-1/2"]
[WhiteElo "2600"]
[BlackElo "2520"]
[PlyCount "82"]
[EventDate "1989.??.??"]
[Source "ChessBase"]
[SourceDate "1989.01.01"]

1. e4 e5 2. Nf3 Nc6 3. Bb5 Nge7 4. O-O g6 5. c3 Bg7 6. d4 exd4 7. cxd4 d5 8. exd5 Nxd5 9. Re1+ Be6 10. Bxc6+ bxc6 11. Bg5 Qd6 12. Nbd2 O-O 13. Qc1 Rfe8 14. Ne4 Qb4 15. Bd2 Qb5 16. Ne5 Bf5 17. Ng3 Ne7 18. Bh6 Bxh6 19. Qxh6 f6 20. Re3 fxe5 21. Rxe5 c5 22. Qg5 Qd7 23. Rae1 Nc6 24. Nxf5 Nxe5 25. Nh6+ Kg7 26. dxe5 Qd8 27. h4 Qxg5 28. hxg5 Rab8 29. Re2 Rb4 30. f3 Rd4 31. Ng4 Red8 32. e6 Re8 33. Re5 Re7 34. Rxc5 Rd1+ 35. Kh2 Rd6 36. Ne5 Rdxe6 37. f4 Rd6 38. Ra5 c6 39. Ra6 Rc7 40. b3 h6 41. gxh6+ Kxh6 1/2-1/2

[Event "WchT 3rd"]
[Site "Luzern"]
[Date "1993.??.??"]
[Round "7"]
[White "Dolmatov, Sergey"]
[Black "Rodriguez Cespedes, Amador"]
[Result "1/2-1/2"]
[WhiteElo "2630"]
[BlackElo "2490"]
[PlyCount "54"]
[EventDate "1993.10.??"]
[Source "ChessBase"]

1. e4 e5 2. Nf3 Nc6 3. Bb5 Nge7 4. c3 a6 5. Bc4 d5 6. exd5 Nxd5 7. O-O Be7 8. Re1 Qd6 9. d4 Nb6 10. Bb3 exd4 11. Nxd4 Nxd4 12. Qxd4 Qxd4 13. cxd4 Bf5 14. Nc3 Rd8 15. Bf4 Rd7 16. a4 O-O 17. a5 Nc8 18. d5 Bd6 19. Bxd6 Nxd6 20. Na4 Rdd8 21. Nc5 Rfe8 22. Ba4 Rxe1+ 23. Rxe1 Kf8 24. f3 Bc8 25. b4 Nf5 26. Bb3 Nd4 27. Ba2 Re8 1/2-1/2

[Event "Helsinki op"]
[Site "Helsinki"]
[Date "1992.??.??"]
[Round "4"]
[White "Sokolov, Andrei"]
[Black "Savchenko, Stanislav"]
[Result "0-1"]
[WhiteElo "2605"]
[BlackElo "2505"]
[PlyCount "72"]
[EventDate "1992.09.??"]
[Source "ChessBase"]

1. e4 e5 2. Nf3 Nc6 3. Bb5 Nge7 4. d4 exd4 5. Nxd4 g6 6. Nxc6 Nxc6 7. Bxc6 bxc6 8. Qd4 f6 9. h4 Qe7 10. Nc3 Bg7 11. Bf4 f5 12. Qe3 fxe4 13. h5 d5 14. O-O-O Rb8 15. a3 Bf5 16. Bh6 Bf6 17. Qxa7 Kf7 18. hxg6+ Bxg6 19. Be3 Qd7 20. Qa6 Ra8 21. Qe2 Rhb8 22. Bd4 Bg5+ 23. Be3 Be7 24. f3 exf3 25. Qxf3+ Kg8 26. Bh6 Qd6 27. Ne2 Bf6 28. b4 Qe5 29. Nd4 c5 30. bxc5 Ra4 31. Rhe1 Be4 32. Qg4+ Kh8 33. Bf4 Qe7 34. Nc6 Qxc5 35. Rxe4 Qxa3+ 36. Kd2 Qc3+ 0-1

[Event "Salta Clarin Open"]
[Site "Salta"]
[Date "1995.??.??"]
[Round "5"]
[White "Milos, Gilberto"]
[Black "Sorokin, Maxim"]
[Result "1/2-1/2"]
[WhiteElo "2560"]
[BlackElo "2535"]
[PlyCount "37"]
[EventDate "1995.??.??"]
[Source "www.chesslib.no"]
[SourceDate "2004.05.04"]

1. e4 e5 2. Nf3 Nc6 3. Bb5 Nge7 4. c3 d5 5. Qb3 Qd6 6. exd5 Nxd5 7. d4 exd4 8. O-O Be7 9. cxd4 O-O 10. Nbd2 Nf6 11. Qa4 Bd7 12. Nc4 Qb4 13. Qxb4 Nxb4 14. Bxd7 Nxd7 15. Bf4 Nd5 16. Bg3 a5 17. Rfe1 Rfe8 18. Re2 f6 19. Rc1 1/2-1/2

[Event "Petrov mem"]
[Site "St Petersburg"]
[Date "1996.??.??"]
[Round "5"]
[White "Kalegin, Evgenij"]
[Black "Korneev, Oleg"]
[Result "1/2-1/2"]
[WhiteElo "2495"]
[BlackElo "2590"]
[PlyCount "112"]
[EventDate "1996.02.??"]
[Source "ChessBase"]

1. e4 e5 2. Nf3 Nc6 3. Bb5 Nge7 4. O-O g6 5. d4 exd4 6. e5 Bg7 7. Bg5 O-O 8. Re1 a6 9. Ba4 h6 10. Bh4 g5 11. Bg3 Nf5 12. c3 d6 13. Bxc6 dxc3 14. Nxc3 bxc6 15. Qa4 c5 16. Rad1 Rb8 17. Qa3 Nxg3 18. hxg3 g4 19. Nh4 Re8 20. exd6 Rxe1+ 21. Rxe1 cxd6 22. Qa4 Be6 23. Qf4 Rxb2 24. Ne4 Rb4 25. Nf5 Bxf5 26. Qxf5 c4 27. Rd1 Rb5 28. Qf4 c3 29. Rxd6 Qe7 30. Rc6 Qd7 31. Rd6 Qe7 32. Rc6 Qd7 33. Rd6 Qf5 34. Qxf5 Rxf5 35. Rc6 Ra5 36. Nxc3 Ra3 37. Nd5 Rxa2 38. Ne3 h5 39. Rc5 a5 40. Rxh5 a4 41. Ra5 a3 42. Nxg4 Bc3 43. Ra4 Kf8 44. Kh2 Bb2 45. f4 Ke7 46. Ne5 Bxe5 47. fxe5 Ke6 48. Ra5 Kf5 49. Ra7 Ke6 50. g4 Ra1 51. Ra5 Ke7 52. Kg3 Kf8 53. Ra7 a2 54. g5 Kg7 55. Kg4 Re1 56. Rxa2 Rxe5 1/2-1/2

[Event "Villa Martelli"]
[Site "Villa Martelli"]
[Date "1997.06.05"]
[Round "5"]
[White "Ehlvest, Jaan"]
[Black "Ginzburg, Maximiliano"]
[Result "1-0"]
[WhiteElo "2635"]
[BlackElo "2450"]
[PlyCount "107"]
[EventDate "1997.06.01"]
[Source "ChessBase"]
[SourceDate "1997.10.13"]

1. e4 e5 2. Nf3 Nc6 3. Bb5 Nge7 4. O-O d6 5. d4 Bd7 6. Bc4 f6 7. c3 Qc8 8. Be3 Nd8 9. a4 Ne6 10. a5 a6 11. Nbd2 g6 12. Qb3 Bg7 13. Rfd1 h6 14. Nf1 O-O 15. h4 Kh7 16. N1h2 Nd8 17. Bd3 Ndc6 18. d5 Na7 19. c4 f5 20. c5 fxe4 21. Bxe4 Bf5 22. cxd6 cxd6 23. Rac1 Qb8 24. Qd3 Nb5 25. h5 Qe8 26. Nh4 Bxe4 27. Qxe4 Bf6 28. N2f3 Bxh4 29. Nxh4 Qf7 30. Rc4 Qf6 31. g3 Kg7 32. hxg6 h5 33. Kg2 Nxg6 34. Nf3 Qf5 35. Ng5 Qxe4+ 36. Rxe4 Rh8 37. f4 exf4 38. Bxf4 h4 39. Ne6+ Kg8 40. Rc4 Rh7 41. Rdc1 Ne7 42. Rd1 hxg3 43. Bxg3 Rh5 44. Rg4+ Kh8 45. Nf4 Rh7 46. Bh4 Rxh4 47. Rxh4+ Kg7 48. Re1 Nf5 49. Rg4+ Kf7 50. Ne6 Kf6 51. Rf1 Ke5 52. Rg5 Kxd5 53. Ng7 Kc4 54. Nxf5 1-0

[Event "Open"]
[Site "Ashdod"]
[Date "2004.12.14"]
[Round "7.1"]
[White "Erenburg, Sergey"]
[Black "Gofshtein, Leonid"]
[Result "1/2-1/2"]
[WhiteElo "2537"]
[BlackElo "2534"]
[PlyCount "55"]
[EventDate "2004.12.09"]
[Source "Roberto Alvarez"]
[SourceDate "2004.12.13"]

1. e4 e5 2. Nf3 Nc6 3. Bb5 Nge7 4. O-O g6 5. c3 a6 6. Ba4 Bg7 7. d4 exd4 8. cxd4 O-O 9. d5 b5 10. Bb3 Na5 11. Bd2 Nxb3 12. Qxb3 d6 13. Bc3 c5 14. dxc6 Be6 15. Qa3 Nxc6 16. Bxg7 Kxg7 17. Qc3+ Ne5 18. Nxe5 dxe5 19. Qxe5+ Qf6 20. Qxf6+ Kxf6 21. Nc3 Rfd8 22. Rad1 b4 23. Nd5+ Bxd5 24. exd5 Rac8 25. Rd2 Rc5 26. Rfd1 Ke7 27. f4 Kd6 28. Kf2 1/2-1/2

[Event "Momotov mem"]
[Site "Enakievo"]
[Date "1997.??.??"]
[Round "?"]
[White "Kuzmin, Gennadi P"]
[Black "Baklan, Vladimir"]
[Result "1-0"]
[WhiteElo "2535"]
[BlackElo "2530"]
[PlyCount "69"]
[EventDate "1997.??.??"]
[Source "www.chesslib.no"]
[SourceDate "2004.05.04"]

1. e4 e5 2. Nf3 Nc6 3. Bb5 Nge7 4. O-O g6 5. c3 Bg7 6. d4 exd4 7. cxd4 d5 8. exd5 Nxd5 9. Re1+ Be6 10. Bg5 Qd6 11. Nbd2 O-O 12. Nc4 Qb4 13. a4 Rfb8 14. Rc1 Qf8 15. Bxc6 bxc6 16. Nfe5 Qe8 17. Bd2 Ne7 18. Ba5 Qd8 19. b4 Rc8 20. h3 Qd5 21. Ne3 Qd6 22. Qf3 Qxd4 23. Nxc6 Nxc6 24. Rxc6 Qd2 25. Rd1 Qa2 26. Nd5 Rd8 27. Nxc7 Rxd1+ 28. Qxd1 Bb3 29. Qc1 Bb2 30. Qd2 Rf8 31. b5 Qa1+ 32. Kh2 Be5+ 33. f4 Bg7 34. Bb4 Qxa4 35. Ra6 1-0

[Event "22nd GP Open A"]
[Site "Le Touquet FRA"]
[Date "2007.10.31"]
[Round "7"]
[White "Radulski, J."]
[Black "Gofshtein, Z."]
[Result "1-0"]
[WhiteElo "2519"]
[BlackElo "2542"]
[PlyCount "83"]
[EventDate "2007.10.27"]
[Source "www.chesslib.no"]
[SourceDate "2004.05.04"]

1. e4 e5 2. Nf3 Nc6 3. Bb5 Nge7 4. Nc3 Ng6 5. d4 exd4 6. Nxd4 Bc5 7. Be3 Bxd4 8. Bxd4 O-O 9. Be3 d6 10. Qd2 f5 11. exf5 Bxf5 12. O-O-O Kh8 13. f4 a6 14. Be2 Qd7 15. h3 Be6 16. g4 Bg8 17. h4 Nge7 18. h5 h6 19. f5 Ne5 20. Bf4 N7c6 21. Rdg1 Bh7 22. Nd5 Rae8 23. f6 gxf6 24. Bxh6 Rf7 25. g5 fxg5 26. Bxg5 Qe6 27. b3 Be4 28. Nf4 Qf6 29. Rh3 Kh7 30. Rhg3 Rg8 31. Ng6 Qe6 32. Bf4 Qf6 33. Qe3 Bxg6 34. hxg6+ Rxg6 35. Bxe5 Nxe5 36. Rxg6 Nxg6 37. Bd3 Rg7 38. Qg3 Kh8 39. Bxg6 Qa1+ 40. Kd2 Qd4+ 41. Qd3 Qf2+ 42. Kc3 1-0

[Event "Deutschland"]
[Site "?"]
[Date "1992.??.??"]
[Round "?"]
[White "Kupreichik, V."]
[Black "Arkhipov, S."]
[Result "1/2-1/2"]
[WhiteElo "2545"]
[BlackElo "2515"]
[PlyCount "200"]
[EventDate "1992.??.??"]
[Source "ChessBase"]
[SourceDate "1992.02.01"]

1. e4 e5 2. Nf3 Nc6 3. Bb5 Nge7 4. Nc3 Ng6 5. d4 exd4 6. Nxd4 Bc5 7. Nb3 Bb6 8. Nd5 O-O 9. O-O d6 10. a4 Qh4 11. a5 Bg4 12. Be2 Bxe2 13. Qxe2 Nd4 14. Nxd4 Bxd4 15. Nxc7 Rac8 16. g3 Qh3 17. Nd5 Rxc2 18. Ne7+ Nxe7 19. Qxc2 Ng6 20. e5 d5 21. Qb3 Rd8 22. Ra3 Nxe5 23. g4 Qxg4+ 24. Qg3 h5 25. Ra4 Qe4 26. Qf4 Qxf4 27. Bxf4 Bxb2 28. Rd1 f6 29. Rb4 Bc3 30. Rxb7 Bxa5 31. Rxa7 Bc3 32. Rc7 Bb4 33. Rb7 Bf8 34. Bxe5 fxe5 35. Rb5 Kf7 36. Rdxd5 Rxd5 37. Rxd5 Ke6 38. Rd8 Be7 39. Re8 Kf7 40. Ra8 Kg6 41. Kg2 Kf5 42. Rh8 Kg4 43. Rg8 Bf6 44. Ra8 e4 45. Ra4 Kf5 46. Ra5+ Be5 47. Kf1 Kf4 48. Ke2 h4 49. h3 Bf6 50. Ra4 Ke5 51. Ra1 Kf5 52. Rg1 Bd4 53. Rg4 g5 54. Rg1 Be5 55. Ke3 Bd6 56. Rb1 Bc5+ 57. Ke2 Bd4 58. Rb8 Kf4 59. Rb5 Ba7 60. Rb4 Ke5 61. f3 exf3+ 62. Kxf3 Kf5 63. Rb5+ Kf6 64. Ke4 Bg1 65. Rb2 Bc5 66. Rd2 Ba3 67. Rf2+ Kg6 68. Rc2 Bb4 69. Kf3 Kf5 70. Rb2 Bd6 71. Rb5+ Be5 72. Ra5 Kf6 73. Kg4 Bf4 74. Ra6+ Ke5 75. Kh5 Kf5 76. Ra8 Kf6 77. Rf8+ Kg7 78. Rf5 Be3 79. Re5 Bf4 80. Re6 Kf7 81. Ra6 Kg7 82. Kg4 Kf7 83. Kf5 Kg7 84. Re6 Bd2 85. Rg6+ Kh7 86. Kf6 Bf4 87. Kf7 Be3 88. Rg8 Bd2 89. Rg7+ Kh6 90. Kf8 Be3 91. Kg8 Bf4 92. Rb7 Kg6 93. Rb6+ Kf5 94. Kf7 g4 95. Rb5+ Ke4 96. hxg4 Kf3 97. g5 Bxg5 98. Rxg5 h3 99. Rh5 Kg2 100. Rxh3 Kxh3 1/2-1/2

[Event "Alekhine op"]
[Site "Moscow"]
[Date "1992.??.??"]
[Round "?"]
[White "Ulibin, Mikhail"]
[Black "Arkhipov, Sergey"]
[Result "1/2-1/2"]
[WhiteElo "2570"]
[BlackElo "2485"]
[PlyCount "69"]
[EventDate "1992.10.??"]
[Source "ChessBase"]

1. e4 e5 2. Nf3 Nc6 3. Bb5 Nge7 4. Nc3 Ng6 5. d4 exd4 6. Nxd4 Bc5 7. Nb3 Bb6 8. Nd5 O-O 9. O-O d6 10. a4 Be6 11. Qd2 a6 12. Nxb6 cxb6 13. Be2 d5 14. exd5 Bxd5 15. c4 Be6 16. Qxd8 Rfxd8 17. Be3 Nce5 18. Nd2 Rac8 19. Rfc1 Ng4 20. Bxg4 Bxg4 21. Rc3 Ne5 22. h3 Be6 23. b3 f6 24. Ne4 Rc6 25. f4 Nf7 26. Rac1 Rd7 27. g4 Nd6 28. Ng3 f5 29. g5 b5 30. cxb5 Rxc3 31. Rxc3 axb5 32. axb5 Ne4 33. Nxe4 fxe4 34. Kf2 Bxh3 35. b6 1/2-1/2

[Event "Hastings 7475"]
[Site "Hastings ENG"]
[Date "1974.??.??"]
[Round "1"]
[White "Hort, Vlastimil"]
[Black "Garcia Gonzales, Guillermo"]
[Result "1-0"]
[WhiteElo "2600"]
[BlackElo "2450"]
[PlyCount "84"]
[EventDate "1974.12.??"]
[Source "www.chesslib.no"]
[SourceDate "2004.05.04"]

1. e4 e5 2. Nf3 Nc6 3. Bb5 Nge7 4. c3 d5 5. d3 dxe4 6. dxe4 Qxd1+ 7. Kxd1 Bd7 8. Kc2 f6 9. a4 Nc8 10. Be3 Nd6 11. Nfd2 Be7 12. Bd3 f5 13. f3 Nd8 14. b3 N8f7 15. Re1 f4 16. Bf2 g5 17. Na3 a6 18. c4 Nd8 19. c5 N6f7 20. Bc4 g4 21. fxg4 Rg8 22. h3 h5 23. Rh1 hxg4 24. hxg4 Bxg4 25. Rh2 Ne6 26. Nf3 Rg7 27. Bxe6 Bxe6 28. Rd1 Rd8 29. Rxd8+ Kxd8 30. Kc3 Kd7 31. b4 Bf6 32. Nc2 c6 33. Nce1 Ng5 34. Nxg5 Bxg5 35. Nf3 Bf6 36. Be1 Bg8 37. Bh4 Bxh4 38. Rxh4 Rg3 39. Rg4 Ke6 40. Rxg3 fxg3 41. Kd3 Kf6 42. Ke3 Bb3 1-0

[Event "Castellar Open"]
[Site "Castellar"]
[Date "1996.??.??"]
[Round "?"]
[White "Gonzalez, Juan Carlos"]
[Black "Korneev, Oleg"]
[Result "0-1"]
[WhiteElo "2455"]
[BlackElo "2590"]
[PlyCount "74"]
[EventDate "1996.??.??"]
[Source "www.chesslib.no"]
[SourceDate "2004.05.04"]

1. e4 e5 2. Nf3 Nc6 3. Bb5 Nge7 4. O-O g6 5. c3 a6 6. Ba4 Bg7 7. d4 b5 8. Bb3 exd4 9. cxd4 O-O 10. Nc3 d6 11. h3 Na5 12. Bc2 b4 13. Ne2 Bb7 14. Ng3 c5 15. Re1 cxd4 16. Nxd4 Nec6 17. Nf3 Nc4 18. Rb1 Rc8 19. Bg5 Qa5 20. Bb3 N6e5 21. Nxe5 Qxe5 22. Bc1 a5 23. Bxc4 Rxc4 24. b3 Rc7 25. Bb2 Qf4 26. Bxg7 Kxg7 27. Qd4+ Qe5 28. Qd2 Rfc8 29. Re2 Ba6 30. f4 Qc3 31. Kh2 Bxe2 32. Qxe2 Qc2 33. Qe1 Qxa2 34. Ra1 Qb2 35. Rxa5 Rc2 36. Nf5+ gxf5 37. Qg3+ Kh8 0-1

[Event "Christmas Open"]
[Site "Zadar"]
[Date "2003.12.19"]
[Round "7"]
[White "Geller, Jakov"]
[Black "Stevic, Hrvoje"]
[Result "1/2-1/2"]
[WhiteElo "2486"]
[BlackElo "2555"]
[PlyCount "112"]
[EventDate "2003.12.15"]
[Source "Roberto Alvarez"]
[SourceDate "2003.12.22"]

1. e4 e5 2. Nf3 Nc6 3. Bb5 Nge7 4. O-O g6 5. c3 a6 6. Ba4 Bg7 7. d4 exd4 8. cxd4 b5 9. Bb3 d6 10. Nc3 O-O 11. h3 Bb7 12. Bg5 h6 13. Be3 Na5 14. Bc2 Nc4 15. Bc1 c5 16. b3 cxd4 17. Nxd4 Qa5 18. Nce2 Na3 19. Bd3 Nc6 20. Nxc6 Bxc6 21. Bd2 b4 22. Rc1 Bb5 23. Nf4 g5 24. Bxb5 Nxb5 25. Nh5 Nc3 26. Bxc3 bxc3 27. Nxg7 Kxg7 28. Qd4+ Qe5 29. Qxc3 Rfc8 30. Qd3 a5 31. Rxc8 Rxc8 32. Rd1 Qb2 33. Qd4+ Qxd4 34. Rxd4 Rc1+ 35. Kh2 Rc2 36. Ra4 Rc5 37. Kg3 Kf6 38. Kf3 Ke5 39. Ke3 h5 40. Rd4 Rb5 41. g4 h4 42. f3 Rc5 43. Rd5+ Rxd5 44. exd5 Kxd5 45. a3 Kc5 46. Kd3 d5 47. Kc3 d4+ 48. Kd3 Kd5 49. b4 axb4 50. axb4 f6 51. b5 Kc5 52. f4 gxf4 53. b6 Kxb6 54. Kxd4 Kc6 55. Ke4 Kd6 56. Kxf4 Ke6 1/2-1/2

[Event "Ribe 6 Nations tt"]
[Site "Ribe DEN"]
[Date "1973.08.05"]
[Round "1.2"]
[White "Ornstein, Axel O"]
[Black "Larsen, Bent"]
[Result "0-1"]
[WhiteElo "2420"]
[BlackElo "2620"]
[PlyCount "70"]
[EventDate "1973.??.??"]
[Source "www.chesslib.no"]
[SourceDate "2004.05.04"]

1. e4 e5 2. Nf3 Nc6 3. Bb5 Nge7 4. O-O a6 5. Bc4 Ng6 6. d4 exd4 7. Nxd4 Bc5 8. Nf5 O-O 9. Qh5 d6 10. Bg5 Qe8 11. Nd2 Qe5 12. Nf3 Qxb2 13. Rab1 Qxc2 14. Nh6+ Kh8 15. Nxf7+ Rxf7 16. Bxf7 Nce5 17. Nxe5 Nxe5 18. Bb3 Bg4 19. Bxc2 Bxh5 20. Rxb7 h6 21. Bd2 Bb6 22. Rb1 Nc4 23. Bc3 Rc8 24. Bd3 Ne5 25. Bxa6 Ra8 26. Bf1 Rxa2 27. R1xb6 cxb6 28. Rxb6 Rc2 29. Bd4 Rc1 30. Be3 Rd1 31. Rb8+ Kh7 32. Rc8 Ng4 33. Rc3 Be8 34. Rb3 Bc6 35. f3 Nxe3 0-1

[Event "Muenster Open"]
[Site "Muenster GER"]
[Date "1993.??.??"]
[Round "5"]
[White "Mainka, Romuald"]
[Black "Arkhipov, Sergey"]
[Result "0-1"]
[WhiteElo "2515"]
[BlackElo "2515"]
[PlyCount "122"]
[EventDate "1993.10.??"]
[Source "www.chesslib.no"]
[SourceDate "2004.05.04"]

1. e4 e5 2. Nf3 Nc6 3. Bb5 Nge7 4. Nc3 Ng6 5. d4 exd4 6. Nxd4 Bc5 7. Be3 Nh4 8. Bf1 Bxd4 9. Bxd4 Qg5 10. g3 Nxd4 11. gxh4 Qe5 12. Qd3 Ne6 13. Qg3 d6 14. O-O-O Bd7 15. Nd5 O-O-O 16. Bg2 Qxg3 17. hxg3 Rhe8 18. Rhe1 Nc5 19. Re3 a5 20. Rd4 Bc6 21. b3 Kb8 22. a3 Nd7 23. b4 axb4 24. axb4 Ne5 25. Rc3 Nd7 26. Ra3 Bxd5 27. Rxd5 Nf6 28. Rd4 c6 29. b5 c5 30. Rda4 Nd7 31. e5 Nb6 32. Rf4 Re7 33. Raf3 dxe5 34. Rxf7 Rxf7 35. Rxf7 Rd7 36. Rf8+ Kc7 37. Bh3 Re7 38. h5 h6 39. Bg2 Nd7 40. Rh8 Nf6 41. Bf3 Kb6 42. Be2 Ne4 43. Rf8 Nc3 44. Bc4 Nxb5 45. Rd8 Kc7 46. Rf8 Nd6 47. Bd5 c4 48. Kd2 Kb6 49. Kc3 Rc7 50. Kb4 Rc5 51. Be6 Rb5+ 52. Kc3 Ra5 53. Kb4 Ra2 54. Bxc4 Rxc2 55. Be6 e4 56. Bb3 Rd2 57. Rf4 Rd4+ 58. Kc3 Kc5 59. Bc2 b5 60. Rg4 Rc4+ 61. Kd2 e3+ 0-1

[Event "Lippstadt"]
[Site "Lippstadt GER"]
[Date "1993.??.??"]
[Round "?"]
[White "Mainka, Romuald"]
[Black "Arkhipov, Sergey"]
[Result "1/2-1/2"]
[WhiteElo "2515"]
[BlackElo "2515"]
[PlyCount "189"]
[EventDate "1993.06.??"]
[Source "www.chesslib.no"]
[SourceDate "2004.05.04"]

1. e4 e5 2. Nf3 Nc6 3. Bb5 Nge7 4. Nc3 Ng6 5. d4 exd4 6. Nxd4 Bc5 7. Be3 Bb6 8. Qd2 O-O 9. O-O-O Nxd4 10. Bxd4 d6 11. h4 Bxd4 12. Qxd4 Nxh4 13. Qe3 Ng6 14. Qg3 c6 15. Rxd6 Qe7 16. Be2 Be6 17. e5 Rfd8 18. Rxd8+ Rxd8 19. Bd3 Qb4 20. a3 Qg4 21. Bxg6 fxg6 22. Qh2 h6 23. Re1 g5 24. Re3 Bf5 25. Qg1 Re8 26. f3 Qf4 27. g3 Qc4 28. g4 Bg6 29. Qe1 a5 30. Qe2 Qf4 31. Kb1 b5 32. Nd1 Re6 33. Nf2 c5 34. Nd3 Qd4 35. Nc1 c4 36. Na2 Kh7 37. Kc1 Qf4 38. Kb1 Qf8 39. Qe1 Qd8 40. Kc1 Qa8 41. Kb1 Qa7 42. Qc3 Kg8 43. Kc1 Bf7 44. Kb1 Ra6 45. Qe1 Be6 46. Nc3 b4 47. Nb5 Qc5 48. a4 Ra8 49. Nd6 Rf8 50. Qe2 Rf4 51. Nb5 h5 52. gxh5 Rh4 53. Qd2 Rxh5 54. Re1 Kh7 55. Qe2 Rh4 56. Qg2 Kh6 57. Nd6 Qd5 58. Qe2 Qd4 59. Nb5 Qf4 60. Qd1 Kh7 61. c3 Rh2 62. Ka1 Rd2 63. Qc1 bxc3 64. Nxc3 Kg8 65. Ne4 Re2 66. Rd1 Qxc1+ 67. Rxc1 g4 68. Ng5 Bd5 69. fxg4 Rxe5 70. Nh3 Re4 71. Rd1 Bc6 72. Ng5 Re8 73. Rd4 Bxa4 74. Ka2 Bc6 75. Rd6 Rc8 76. Ne6 Be8 77. Nd4 Bf7 78. Ka3 c3 79. bxc3 Rxc3+ 80. Ka4 Rg3 81. Kxa5 Rxg4 82. Kb4 g5 83. Kc3 Rf4 84. Kd3 Kh7 85. Ke3 Bg6 86. Nf3 Rf5 87. Re6 Bh5 88. Nd4 Rf7 89. Re5 Kh6 90. Re6+ Bg6 91. Nf3 Kh5 92. Ne5 Rg7 93. Nxg6 Rxg6 94. Rxg6 Kxg6 95. Kf3 1/2-1/2

[Event "RUS-ch"]
[Site "Elista"]
[Date "1994.??.??"]
[Round "3"]
[White "Dvoirys, Semen I"]
[Black "Arkhipov, Sergey"]
[Result "1/2-1/2"]
[WhiteElo "2535"]
[BlackElo "2495"]
[PlyCount "138"]
[EventDate "1994.09.??"]
[Source "ChessBase"]

1. e4 e5 2. Nf3 Nc6 3. Bb5 Nge7 4. O-O g6 5. d4 exd4 6. Nxd4 Bg7 7. Be3 O-O 8. Nc3 d6 9. Qd2 Ne5 10. Be2 f5 11. f4 Nf7 12. exf5 Nxf5 13. Bf2 c6 14. Nf3 d5 15. Bd3 N5d6 16. Rae1 Bd7 17. Nd1 Qc7 18. b3 Rae8 19. c4 Ne4 20. Bxe4 dxe4 21. Nd4 Nh6 22. Ne2 Bg4 23. Ng3 Bxd1 24. Rxd1 b6 25. Rfe1 Ng4 26. Nxe4 Rd8 27. Qe2 Nxf2 28. Qxf2 Rxd1 29. Rxd1 Qxf4 30. Qxf4 Rxf4 31. Ng5 Bd4+ 32. Kh1 Rf6 33. g3 c5 34. Ne4 Rf3 35. Re1 h6 36. Kg2 Rd3 37. Re2 a6 38. Nd6 Be3 39. Nc8 b5 40. Ne7+ Kf7 41. Nd5 Bg5 42. h4 bxc4 43. bxc4 Rd2 44. Kf2 Rxe2+ 45. Kxe2 Bf6 46. Kf3 Be5 47. g4 Ke6 48. Ke4 Bg3 49. h5 gxh5 50. gxh5 a5 51. Ne3 Be1 52. Ng4 Bd2 53. a4 Bc1 54. Ne5 Bd2 55. Nd3 Bb4 56. Kf4 Ba3 57. Kg4 Bb4 58. Kf4 Ba3 59. Ke4 Bb4 60. Nf4+ Kf6 61. Kd5 Kg5 62. Ne6+ Kxh5 63. Nxc5 Kg4 64. Ne4 h5 65. c5 Bxc5 66. Nf6+ Kf5 67. Nxh5 Bf2 68. Ng7+ Kf6 69. Ne6 Ke7 1/2-1/2